00776nam a2200193 i 450000100060000000300090000600500170001500700030003200800410003510000450007624500910012126000680021230000390028049000420031983000500036185200320041199900170044395201220046070816ES-MaACL20251115063241.0t|040803s1962 sp ||||1| spa d1 aGarrido Lestache, Juan, dn. 189195571010aPatología de la región umbilical en la infancia... / cJ. Garrido-Lestache Díaz. aMadrid : bLibrería Científico Médica Española, c1962. a93 p., 3 lám. : bil. ; c21 cm.1 aCuadernos de pediatría quirúrgica0 aCuadernos de pediatría quirúrgica9231048 aES-MaACLjC-23659 bR.51317 c70816d70816 00104070aATENEOMbATENEOMcDEPO2d2008-01-17eSCl0oC-23659p1074157r2023-02-23 00:00:00w2023-02-23yMONOGRAFIA